Normal view
MARC view
- القضاة، عبدالرحيم خالد عبدالرحيم
Entry Personal Name
001 - CONTROL NUMBER
- control field: 66607
003 - CONTROL NUMBER IDENTIFIER
- control field: JO-AjAnu
005 - DATE AND TIME OF LATEST TRANSACTION
- control field: 20250719090042.0
008 - FIXED-LENGTH DATA ELEMENTS
- fixed length control field: 250719|| aca||aabn | a|a d
040 ## - CATALOGING SOURCE
- Original cataloging agency: JO-AjAnu
100 ## - HEADING--PERSONAL NAME
- Personal name: القضاة، عبدالرحيم خالد عبدالرحيم
- Relator term: معد